VLBI and compact radio sources (Record no. 7987)
[ view plain ]
| 000 -LEADER | |
|---|---|
| fixed length control field | 00983nam a2200241Ia 4500 |
| 003 - CONTROL NUMBER IDENTIFIER | |
| control field | IN-BaIIA |
| 008 - FIXED-LENGTH DATA ELEMENTS--GENERAL INFORMATION | |
| fixed length control field | 211028s9999 xx 000 0 eng d |
| 020 ## - INTERNATIONAL STANDARD BOOK NUMBER | |
| International Standard Book Number | 90-277-1740-0 |
| 040 ## - CATALOGING SOURCE | |
| Transcribing agency | IIA Library |
| 080 ## - UNIVERSAL DECIMAL CLASSIFICATION NUMBER | |
| Universal Decimal Classification number | 082.2:52 |
| Item number | IAU-S110 |
| 111 ## - MAIN ENTRY--MEETING NAME | |
| Meeting name or jurisdiction name as entry element | International Astronomical Union Symposium |
| Location of meeting | Italy |
| Date of meeting or treaty signing | 1983 June 27 - July 1 |
| 9 (RLIN) | 13474 |
| 245 #0 - TITLE STATEMENT | |
| Title | VLBI and compact radio sources |
| Remainder of title | proceedings of the International Astronomical Union symposium No.110, held in Bologna, Italy June 27 - July 1, 1983 |
| Statement of responsibility, etc. | edited by R. Fanti, K. Kellermann and G. Setti |
| 260 ## - PUBLICATION, DISTRIBUTION, ETC. | |
| Place of publication, distribution, etc. | Dordrecht |
| Name of publisher, distributor, etc. | D. Reidel Publishing |
| Date of publication, distribution, etc. | 1984 |
| 300 ## - PHYSICAL DESCRIPTION | |
| Extent | xx, 489p. |
| 490 ## - SERIES STATEMENT | |
| Series statement | IAU symposium; no. 110 |
| 650 ## - SUBJECT ADDED ENTRY--TOPICAL TERM | |
| Topical term or geographic name entry element | Astronomy and Astrophysics thesaurus |
| 650 ## - SUBJECT ADDED ENTRY--TOPICAL TERM | |
| Topical term or geographic name entry element | Extragalactic astronomy |
| 9 (RLIN) | 1585 |
| 650 ## - SUBJECT ADDED ENTRY--TOPICAL TERM | |
| Topical term or geographic name entry element | Radio sources |
| 9 (RLIN) | 3666 |
| 700 ## - ADDED ENTRY--PERSONAL NAME | |
| Personal name | Fanti, R., ed. |
| 9 (RLIN) | 13475 |
| 700 ## - ADDED ENTRY--PERSONAL NAME | |
| Personal name | Kellermann, K., ed. |
| 9 (RLIN) | 13476 |
| 710 ## - ADDED ENTRY--CORPORATE NAME | |
| Corporate name or jurisdiction name as entry element | International Astronomical Union |
| 942 ## - ADDED ENTRY ELEMENTS (KOHA) | |
| Koha item type | Books |
| Withdrawn status | Lost status | Damaged status | Not for loan | Home library | Current library | Shelving location | Date acquired | Total Checkouts | Full call number | Barcode | Date last seen | Price effective from | Koha item type |
|---|---|---|---|---|---|---|---|---|---|---|---|---|---|
| IIA Library-Bangalore | IIA Library-Bangalore | General Stacks | 12/11/1984 | 082.2:52/ IAU-S110 | 8810 | 05/11/2021 | 12/11/1984 | Books |